| 000 | 00839nam a2200301Ia 4500 | ||
|---|---|---|---|
| 001 | Para_1957 | ||
| 003 | CHAP | ||
| 008 | 220125s1996 xx 000 0 und d | ||
| 010 | _a200564 | ||
| 040 | _cCHAP | ||
| 082 | _aPA 574.5 G7 | ||
| 100 |
_aGranados Sánchez, Diódoro _950356 |
||
| 245 |
_aAgroecología / _c por Diódoro Granados Sánchez, Georgina Florencia López Ríos |
||
| 260 |
_aChapingo, Méx. : _b UACh |
||
| 300 | _a420 p. | ||
| 650 |
_aEcología agrícola _935165 |
||
| 650 |
_aEcología animal _935170 |
||
| 650 |
_aEcología vegetal _935188 |
||
| 700 |
_aLópez Ríos, G. Florencia _9165430 |
||
| 710 | _aUACh. | ||
| 901 | _aPA 574.5 G7 | ||
| 902 | _aA | ||
| 905 | _a0000001996 a 0000000000 00 | ||
| 910 | _a1996 | ||
| 942 | _cPARA | ||
| 942 |
_cPARA _d1 |
||
| 999 |
_c200564 _d200564 |
||